| 000 | 00584nam a2200169 i 4500 | ||
|---|---|---|---|
| 001 | 97108 | ||
| 003 | ES-MaACL | ||
| 005 | 20230906182038.0 | ||
| 007 | t| | ||
| 008 | 050706s1961 sp ||||1| spa d | ||
| 245 | 0 | 0 |
_aManual práctico del automovilista moderno / _ccompuesto por el cuerpo de redactores técnicos de The Motor; traducción por Amadeo Tomba Rosell. |
| 250 | _a2ª ed. española amp. | ||
| 260 |
_aBarcelona : _bJosé Montesó, _c1961. |
||
| 300 |
_aVIII, 336 p. : _bil. ; _c22 cm. |
||
| 700 | 1 |
_aTomba Rosell, Amadeo. _9110540 |
|
| 852 |
_aES-MaACL _jC-20090 _bR.47692 |
||
| 999 |
_c97108 _d97108 |
||